000 00323nam a2200121Ia 4500
008 190216s9999||||xx |||||||||||||| ||und||
100 _aDevarsi Kalanath Sastri
245 0 _aHindi - Raj Bhasha Hindi Vividh Prakash
260 _b"Dulichand Dileep Kumar, Bekaneer"
_c2003
300 _a2003
650 _aHindi
942 _cBK
999 _c16122
_d16122